<?xml version="1.0" encoding="UTF-8"?>
<record
    xmlns:xsi="http://www.w3.org/2001/XMLSchema-instance"
    xsi:schemaLocation="http://www.loc.gov/MARC21/slim http://www.loc.gov/standards/marcxml/schema/MARC21slim.xsd"
    xmlns="http://www.loc.gov/MARC21/slim">

  <leader>01447naa a22002171i 4500</leader>
  <controlfield tag="001">6130</controlfield>
  <controlfield tag="003">KOSZ 005</controlfield>
  <controlfield tag="005">20190610114326.0</controlfield>
  <controlfield tag="008">140617s2008    pl     f     |000 0 pol d</controlfield>
  <datafield tag="040" ind1=" " ind2=" ">
    <subfield code="c">KOSZ 005</subfield>
    <subfield code="a">KOSZ 005</subfield>
    <subfield code="d">KOSZ 005/ac</subfield>
  </datafield>
  <datafield tag="084" ind1=" " ind2=" ">
    <subfield code="a">621.9</subfield>
  </datafield>
  <datafield tag="100" ind1="1" ind2=" ">
    <subfield code="a">ZAWADA-TOMKIEWICZ, Anna.</subfield>
    <subfield code="d">1996 - .</subfield>
    <subfield code="b">Politechnika Koszali&#x144;ska - Wydzia&#x142; Mechaniczny,</subfield>
    <subfield code="c">Zak&#x142;ad Zarz&#x105;dzania i Marketingu w Budowie i Eksploatacji Maszyn</subfield>
  </datafield>
  <datafield tag="245" ind1="1" ind2="0">
    <subfield code="a">Analiza obrazu powierzchni obrobionej w obr&#xF3;bce na sucho ostrzami o modyfikowanej geometrii /</subfield>
    <subfield code="c">Anna Zawada-Tomkiewicz, Borys Storch.</subfield>
  </datafield>
  <datafield tag="500" ind1=" " ind2=" ">
    <subfield code="a">Dane z autopsji.</subfield>
  </datafield>
  <datafield tag="520" ind1=" " ind2=" ">
    <subfield code="a">Rozwi&#x105;zanie prezentowane przez autor&#xF3;w dotyczy modyfikacji geometrii ostrza, kt&#xF3;ra w istotny spos&#xF3;b wp&#x142;ywa na wynik obr&#xF3;bki pojedynczym ostrzem. Zmieniane jest ono w taki spos&#xF3;b, &#x17C;e na powierzchni przy&#x142;o&#x17C;enia, w otoczeniu naro&#x17C;a, wykonana jest minipowierzchnia r&#xF3;wnoleg&#x142;a do zamierzonego kierunku posuwu, a zgodna z kierunkiem skr&#xF3;cenia ostrza.</subfield>
  </datafield>
  <datafield tag="650" ind1=" " ind2="0">
    <subfield code="a">Ostrza skrawaj&#x105;ce.</subfield>
  </datafield>
  <datafield tag="650" ind1=" " ind2="0">
    <subfield code="a">In&#x17C;ynieria powierzchni</subfield>
  </datafield>
  <datafield tag="700" ind1="1" ind2=" ">
    <subfield code="a">STORCH, Borys.</subfield>
    <subfield code="d">1996 - .</subfield>
    <subfield code="b">Politechnika Koszali&#x144;ska - Wydzia&#x142; Mechaniczny,</subfield>
    <subfield code="c">Zak&#x142;ad Zarz&#x105;dzania i Marketingu w Budowie i Eksploatacji Maszyn</subfield>
  </datafield>
  <datafield tag="773" ind1="0" ind2=" ">
    <subfield code="i">W :</subfield>
    <subfield code="t">Obr&#xF3;bka skrawaniem : Innowacje / pod red. Jerzego St&#xF3;sa. -</subfield>
    <subfield code="d">Krak&#xF3;w : Instytut Zaawansowanych Technologii Wytwarzania, 2008. -</subfield>
    <subfield code="g">s. 320-327</subfield>
    <subfield code="k">Szko&#x142;a Obr&#xF3;bki Skrawaniem ; 2</subfield>
  </datafield>
  <datafield tag="942" ind1=" " ind2=" ">
    <subfield code="c">ROZ</subfield>
    <subfield code="2">UKD</subfield>
  </datafield>
  <datafield tag="999" ind1=" " ind2=" ">
    <subfield code="c">6130</subfield>
    <subfield code="d">6130</subfield>
  </datafield>
  <datafield tag="952" ind1=" " ind2=" ">
    <subfield code="0">0</subfield>
    <subfield code="1">0</subfield>
    <subfield code="4">0</subfield>
    <subfield code="7">0</subfield>
    <subfield code="a">BPK</subfield>
    <subfield code="b">BPK</subfield>
    <subfield code="o">101162</subfield>
    <subfield code="y">ROZ</subfield>
  </datafield>
</record>
